000 00667nam a2200241Ia 4500
001 3504
005 20240113233632.0
007 ta
008 050520s975- a g b000 u eng u
020 _cHB
040 _aCotton College Assam
041 _aeng
082 _a370.05
_bG U
110 _aGauhati University .
_c(Assam )
245 0 _aFinancial Estimates for the 1976-77 /
_cGauhati University.
_hTextual Documents
250 _a1st ed. /
260 _aGauhati :
_bGauhati University ,
_c1975-76.
300 _aD-22p. :
_bill ;
_c30 cm. .
653 _aReport- Financial Estimates
942 _2ddc
_cBK
999 _c3492
_d3492